Statistics for Cities that hosted FIFA World Cup 1930-1974

Click here to take the quiz!

General Stats

  • This quiz has been taken 596 times
    (226 since last reset)
  • The average score is 34 of 67

Answer Stats

Hint Answer % Correct
London
91%
Munich
90%
Rome
90%
Manchester
90%
Mexico City
90%
1974Berlin
89%
Rio de Janeiro
89%
1930Montevideo
88%
Milan
88%
Paris
87%
Naples
85%
Liverpool
84%
Turin
84%
Hamburg
81%
Marseille
81%
1966Birmingham
80%
Sao Paulo
80%
Frankfurt
79%
Stockholm
78%
Florence
74%
Santiago
74%
Bern
72%
1970Guadalajara
69%
Zurich
68%
Bordeaux
68%
Stuttgart
67%
Genoa
65%
Malmö
64%
Dortmund
63%
Düsseldorf
63%
Lille
58%
1950Belo Horizonte
58%
Geneva
57%
Sheffield
56%
1934Bologna
54%
Hannover
53%
1954Basel
51%
Toulouse
49%
Gothenburg
46%
Recife
46%
Porto Alegre
43%
Strasbourg
42%
Gelsenkirchen
38%
Lausanne
33%
Puebla
31%
Reims
28%
Sunderland
28%
Curitiba
26%
Trieste
22%
Le Havre
21%
León
19%
Toluca
19%
Viña del Mar
18%
Middlesbrough
18%
Helsingborg
17%
Lugano
17%
Norrköping
14%
Örebro
10%
Västerås
9%
Halmstad
8%
1958Borås
6%
1962Arica
6%
Eskilstuna
5%
Uddevalla
5%
Sandviken
4%
1938Antibes
3%
Rancagua
3%

Score Distribution

Percentile by Number Answered

Percent of People with Each Score

Your Score History

You have not taken this quiz since the last reset